Which City? Weather Edition (Week of 12/18/2020) - Statistics

General Stats
  • This quiz has been taken 7 times
  • The average score is 7 of 15
Answer Stats
12-18 12-19 12-20 12-21 12-22 12-23 12-24 Answer % Correct
55/50 🌧 55/48 🌧 52/45 β›… 57/45 🌧 55/46 🌧 55/41 🌧 43/37 🌧 London
86%
40/27 ☁️ 39/35 ☁️ 39/30 β›… 41/33 🌧 41/33 β›… 41/33 🌧 32/15 β›… Chicago
71%
90/73 🌧 86/73 🌧 91/73 β˜€οΈ 93/73 β›… 86/77 🌧 81/75 🌧 79/72 🌧 Rio de Janeiro
71%
33/22 β›… 33/21 β›… 40/30 🌧 41/30 ☁️ 44/32 β›… 39/30 β›… 62/37 🌧 New York City
57%
64/48 β˜€οΈ 64/48 β˜€οΈ 63/45 β›… 63/43 β˜€οΈ 63/45 β˜€οΈ 64/52 β›… 61/48 🌧 Baghdad
43%
73/54 β›… 73/52 β›… 72/55 β˜€οΈ 73/54 β˜€οΈ 73/52 β›… 70/54 β›… 70/55 β›… Cairo
43%
91/68 β˜€οΈ 88/66 β›… 91/64 ☁️ 93/66 β›… 93/64 ☁️ 90/66 ☁️ 90/66 ☁️ Dakar
43%
81/61 β›… 79/61 ☁️ 77/57 β˜€οΈ 75/57 β˜€οΈ 73/55 β˜€οΈ 75/55 β˜€οΈ 75/55 β›… Doha
43%
64/41 β›… 65/53 🌧 61/47 β˜€οΈ 62/45 β›… 63/47 β›… 68/54 🌧 57/43 β›… Houston
43%
66/46 🌧 64/48 ☁️ 66/48 ☁️ 66/48 🌧 66/48 🌧 64/50 🌧 64/50 🌧 Bogota
29%
34/19 🌧 42/13 β›… 46/21 β›… 48/30 β›… 48/26 β›… 27/18 β›… 35/14 β›… Denver
29%
46/39 ☁️ 48/41 ☁️ 48/43 🌧 48/41 🌧 50/39 ☁️ 50/43 🌧 50/43 🌧 Milan
29%
84/72 β›… 88/72 β˜€οΈ 88/70 β›… 90/70 β˜€οΈ 86/72 β˜€οΈ 86/72 β˜€οΈ 88/73 β˜€οΈ Mumbai
29%
50/37 β›… 50/36 β˜€οΈ 52/36 β˜€οΈ 52/37 β˜€οΈ 55/39 β˜€οΈ 59/43 ☁️ 55/45 🌧 Tokyo
29%
63/38 β˜€οΈ 65/36 β˜€οΈ 69/39 β˜€οΈ 69/42 β˜€οΈ 69/44 β›… 64/43 β›… 63/41 β›… Phoenix
14%
No matching quizzes found
Score Distribution
Percent of People with Each Score
Percentile by Number Answered
Your Score History
You have not taken this quiz